Memorial que trata sobre la suspensión de venta de censo que hizo Mariana Ledezma

Detalles Bibliográficos
Otros Autores: Mariana Ledezma
Formato: Libro
Publicado: s.l., s.f.
Materias:
Colección:Banco de datos
Acervo:Biblioteca Palafoxiana. Colección de Manuscritos
Descripción Física:4 f. ; 31 x 21 cm.
Tema general:Eclesiástica
LEADER 00420nam a22001450004500
035 |a 1106 
245 1 0 |a Memorial que trata sobre la suspensión de venta de censo que hizo Mariana Ledezma 
260 |a s.l., s.f. 
300 |a 4 f. ; 31 x 21 cm. 
650 1 0 |a Eclesiástica 
700 1 |a Mariana Ledezma 
949 |a 19948/017 
942 |c PALAMANU 
943 |g Biblioteca Palafoxiana. Colección de Manuscritos 
999 |c 1069051  |d 1069051